| 000 | 00968nam0a22002291 4500 | ||
|---|---|---|---|
| 001 | rc\115960 | ||
| 005 | 20250620185552.0 | ||
| 035 | _a(NLR Aleph) 005374761 | ||
| 090 |
_a7037674 _c7037674 |
||
| 100 | _a20021216d1997 |||y0rusy50 ca | ||
| 101 | 0 | _arus | |
| 102 | _aRU | ||
| 105 | _ay ||||||||| | ||
| 200 | 1 |
_aТеоретические проблемы социально-экономических преобразований в России _eСб. науч. тр. _fМ-во общ. и проф. образования Рос. Федерации. Урал. гос. экон. ун-т _g[Науч. ред.: Н.Н. Филиппов - д. э. н., акад. МАН ВШ, засл. экономист] |
|
| 210 |
_aЕкатеринбург _cУрГЭУ _d1997 |
||
| 215 |
_a82 с. _d20 |
||
| 320 | _aБиблиогр. в подстроч. примеч. | ||
| 801 | 0 |
_aRU _bNLR _gpsbo |
|
| 801 | 1 |
_aRU _bELAR _2rusmarc |
|
| 852 |
_aNLR _j97-4/13298 |
||
| 942 | _cBOOK | ||
| 980 | _aNB | ||